| 000 | 01528cam a2200421 i 4500 | ||
|---|---|---|---|
| 001 | 20043120 | ||
| 003 | OSt | ||
| 005 | 20260512120338.0 | ||
| 006 | m |o d | | ||
| 007 | cr_||||||||||| | ||
| 008 | 171002s2018 enk ob 001 0 eng | ||
| 010 | _a 2017047252 | ||
| 020 | _a9781474254793 (pbk. : alk. paper) | ||
| 020 | _a9781474255561 | ||
| 020 | _a9781474255578 | ||
| 035 | _a20043120 | ||
| 040 |
_aDLC _beng _erda _cDLC _dDLC _dMILA_ain |
||
| 042 | _apcc | ||
| 050 | 0 | 0 |
_aNC997 _b.A43 2025 |
| 100 | 1 |
_aAmbrose, Gavin, _eauthor. |
|
| 240 | 1 | 0 | _aLayout |
| 245 | 1 | 0 |
_aLayout for graphic designers / _cGavin Ambrose and Paul Harris. |
| 250 | _aThird edition. | ||
| 264 | 1 |
_aLondon ; _aNew York : _bBloomsbury Visual Arts, _c[2018] |
|
| 336 |
_atext _btxt _2rdacontent |
||
| 337 |
_acomputer _bc _2rdamedia |
||
| 338 |
_aonline resource _bcr _2rdacarrier |
||
| 504 | _aIncludes bibliographical references and index. | ||
| 505 | 0 | _aThe basics -- The grid -- Elements on a page -- Form and function -- Layout in use -- Media. | |
| 588 | _aDescription based on print version record. | ||
| 650 | 0 | _aLayout (Printing) | |
| 650 | 0 | _aGraphic design (Typography) | |
| 700 | 1 |
_aHarris, Paul, _d1971- _eauthor. |
|
| 776 | 0 | 8 |
_iPrint version: _aAmbrose, Gavin, author. _tLayout for graphic designers _bThird edition. _dLondon ; New York : Bloomsbury Visual Arts, [2018] _z9781474254793 _w(DLC) 2017024234 |
| 906 |
_a7 _bcbc _corigcop _d1 _eecip _f20 _gy-gencatlg |
||
| 942 |
_2lcc _cBK |
||
| 999 |
_c2652 _d2652 |
||